Playas urbanas españolas - Estadísticas

Estadísticas generales
  • Esta prueba ha sido intentada 123 veces
  • La puntuación promedio es 8 de 15
Estadísticas de respuestas
Playa Ciudad % Correcto
La Barceloneta Barcelona
95%
La Malagueta Málaga
84%
La Concha San Sebastián
82%
Orzán - Riazor A Coruña
80%
El Sardinero Santander
80%
La Malvarrosa València
73%
Samil Vigo
47%
La Caleta Cádiz
38%
San Lorenzo Gijón
38%
Postiguet Alacant
34%
Levante Benidorm
26%
El Miracle Tarragona
26%
Silgar Sanxenxo
24%
Las Alcaravaneras Las Palmas de Gran Canaria
13%
San Miguel Almería
11%
No se encontraron pruebas coincidentes
Distribución de puntuación
Porcentaje de gente con cada puntuación
Porcentaje por número respondido
Historial de tus puntuaciones
No has intentado esta prueba.